[Event "Teplice City-ch"]
[Site "Teplice"]
[Date "2022.05.17"]
[Round "12"]
[White "Mascak, Milan"]
[Black "Al Dhabbi, Fares"]
[Result "0-1"]
[WhiteElo "1624"]
[BlackElo "1850"]
[PlyCount "82"]
[EventDate "2022.04.05"]
[EventType "tourn"]
[EventRounds "13"]
[EventCountry "CZE"]
[SourceTitle "EXT 2023"]
[Source "ChessBase"]
[SourceDate "2022.10.05"]
[SourceVersion "1"]
[SourceVersionDate "2022.10.05"]
[SourceQuality "1"]

1. Nf3 e6 2. b3 f5 3. Bb2 Nf6 4. Nc3 c5 5. e3 Nc6 6. d4 cxd4 7. Nxd4 Bb4 8. Be2 Ne4 9. Ndb5 a6 10. a3 axb5 11. axb4 Rxa1 12. Bxa1 0-0 13. Nxb5 Nxb4 14. 0-0 Nc6 15. Bb2 Qg5 16. Nd6 Nxd6 17. Qxd6 Qe7 18. Qd2 d5 19. Ra1 Qc7 20. Ra4 Ne5 21. f4 Nd7 22. c4 Nc5 23. Ra3 Ne4 24. Qd4 Rd8 25. c5 Nxc5 26. Qc3 Qe7 27. Ra8 Ne4 28. Qc1 Qc5 29. Qxc5 Nxc5 30. Ba3 Nxb3 31. Be7 Re8 32. Bd6 Bd7 33. Ra7 Bc6 34. Bd1 Nd2 35. Be5 Nc4 36. Bd4 e5 37. fxe5 Nxe5 38. Ba4 Bxa4 39. Rxa4 Ng4 40. Rb4 Re7 41. Bc5 Rc7 0-1

[Event "Teplice City-ch"]
[Site "Teplice"]
[Date "2022.04.22"]
[Round "5"]
[White "Al Dhabbi, Fares"]
[Black "Krehla, Milan"]
[Result "1-0"]
[WhiteElo "1850"]
[BlackElo "1775"]
[PlyCount "108"]
[EventDate "2022.04.05"]
[EventType "tourn"]
[EventRounds "13"]
[EventCountry "CZE"]
[SourceTitle "EXT 2023"]
[Source "ChessBase"]
[SourceDate "2022.10.05"]
[SourceVersion "1"]
[SourceVersionDate "2022.10.05"]
[SourceQuality "1"]

1. d4 Nf6 2. Bf4 g6 3. Nc3 Bg7 4. Qd2 Nc6 5. Nf3 d6 6. Bh6 Bxh6 7. Qxh6 Bf5 8. Qd2 e5 9. d5 Ne7 10. h3 a6 11. 0-0-0 b5 12. a3 Ne4 13. Qe3 Nxc3 14. Qxc3 c5 15. Nxe5 dxe5 16. Qxe5 0-0 17. e4 Bd7 18. d6 Nc6 19. Qxc5 Qf6 20. g3 Qe6 21. Bg2 Rac8 22. h4 Qa2 23. Qc3 f6 24. e5 Nxe5 25. Qxc8 Qa1+ 26. Kd2 Qxd1+ 27. Rxd1 Bxc8 28. f4 Nc4+ 29. Kc3 Ne3 30. Bd5+ Nxd5+ 31. Rxd5 Be6 32. Rc5 Rc8 33. Kb4 Rd8 34. Rc6 Bc8 35. Kc5 Kf7 36. Rc7+ Ke6 37. Re7+ Kf5 38. Kc6 Kg4 39. Kc7 Rh8 40. Re3 Bf5 41. d7 Bxd7 42. Kxd7 g5 43. fxg5 fxg5 44. hxg5 Rg8 45. Re7 Rxg5 46. Rxh7 Rg6 47. Rh1 Kf3 48. Rd1 Ke4 49. Rd6 Rg7+ 50. Kc6 Rxg3 51. Kb6 Ke5 52. Rc6 Kd5 53. Rc5+ Kd6 54. Rc8 Rc3 1-0

[Event "Prague Summer op-B 8th"]
[Site "Prague"]
[Date "2021.08.10"]
[Round "6"]
[White "Unger, Eva"]
[Black "Al Dhabbi, Fares"]
[Result "0-1"]
[WhiteElo "1648"]
[BlackElo "1918"]
[PlyCount "70"]
[EventDate "2021.08.06"]
[EventType "swiss"]
[EventRounds "9"]
[EventCountry "CZE"]
[SourceTitle "EXT 2022"]
[Source "ChessBase"]
[SourceDate "2021.10.06"]
[SourceVersion "1"]
[SourceVersionDate "2021.10.06"]
[SourceQuality "1"]

1. d4 Nf6 2. c4 e6 3. Nf3 b6 4. g3 Bb7 5. Bg2 Be7 6. 0-0 0-0 7. Nc3 d5 8. Nd2 Nc6 9. cxd5 exd5 10. e3 Nb4 11. a3 Nd3 12. Ne2 Ba6 13. Nf3 Bd6 14. Ne1 Nxe1 15. Rxe1 c6 16. Nc3 Qd7 17. e4 dxe4 18. Nxe4 Nxe4 19. Bxe4 Rad8 20. Be3 f5 21. Bg2 f4 22. Bd2 fxg3 23. hxg3 c5 24. dxc5 Bxc5 25. Be3 Qf5 26. Qb3+ Kh8 27. Bxc5 Qxc5 28. Re3 Rd2 29. Bf3 Qd4 30. Rd1 Qxb2 31. Rxd2 Qxd2 32. Qa4 Qc1+ 33. Kg2 Qf1+ 34. Kh2 Qxf2+ 35. Bg2 Bb7 0-1

[Event "Brno op 4th"]
[Site "Brno"]
[Date "2013.11.22"]
[Round "8"]
[White "Al Dhabbi, Fares"]
[Black "Chan, Naruna"]
[Result "0-1"]
[WhiteElo "1939"]
[BlackElo "1848"]
[PlyCount "87"]
[EventDate "2013.11.16"]
[EventType "swiss"]
[EventRounds "9"]
[EventCountry "CZE"]
[SourceTitle "CBM 157 Extra"]
[Source "ChessBase"]
[SourceDate "2013.12.19"]
[SourceVersion "1"]
[SourceVersionDate "2013.12.19"]
[SourceQuality "1"]

1. e4 e5 2. Nf3 Nc6 3. d4 exd4 4. Bc4 Be7 5. Nxd4 Nf6 6. Nxc6 dxc6 7. Bd3 Bg4 8. f3 Be6 9. Be3 Qd6 10. a3 Nh5 11. Qd2 Bh4+ 12. g3 Be7 13. Nc3 Nf6 14. Ne2 Rd8 15. Qa5 c5 16. b3 0-0 17. Qc3 Qc6 18. Nf4 Bc8 19. a4 a6 20. 0-0 Qb6 21. Bc4 c6 22. Nd3 Qc7 23. Nxc5 Bd6 24. Qe1 Bh3 25. Rf2 Rfe8 26. Bf1 Bc8 27. Nd3 Nh5 28. Nf4 Nxf4 29. Bxf4 Bxf4 30. gxf4 Qxf4 31. Qc1 Qf6 32. Bg2 h5 33. f4 h4 34. e5 Qg6 35. Kf1 h3 36. Bh1 Bf5 37. Ra2 Rd7 38. Rd2 Red8 39. Rxd7 Rxd7 40. c3 Qg4 41. Kf2 Rd1 42. Qe3 Qg1+ 43. Kf3 Qxh1+ 44. Kg3 0-1

[Event "Brno op 4th"]
[Site "Brno"]
[Date "2013.11.19"]
[Round "5"]
[White "Potapova, Tatiana"]
[Black "Al Dhabbi, Fares"]
[Result "0-1"]
[WhiteElo "1622"]
[BlackElo "1939"]
[PlyCount "64"]
[EventDate "2013.11.16"]
[EventType "swiss"]
[EventRounds "9"]
[EventCountry "CZE"]
[SourceTitle "CBM 157 Extra"]
[Source "ChessBase"]
[SourceDate "2013.12.19"]
[SourceVersion "1"]
[SourceVersionDate "2013.12.19"]
[SourceQuality "1"]

1. d4 Nf6 2. Nf3 e6 3. Bf4 d5 4. e3 Bd6 5. Bxd6 Qxd6 6. Nc3 Qb4 7. Rb1 Ne4 8. Qd3 0-0 9. Be2 c5 10. Qb5 Nc6 11. a3 Nxc3 12. Qxb4 Nxb4 13. bxc3 Nxc2+ 14. Kd1 Nxa3 15. Ra1 Nc4 16. Kc2 cxd4 17. exd4 Nd6 18. Nd2 Bd7 19. Rhb1 Rfc8 20. Rb3 a6 21. h3 f6 22. g4 e5 23. dxe5 fxe5 24. Kb2 Rc7 25. Raa3 Rac8 26. f3 Nc4+ 27. Nxc4 dxc4 28. Rb4 Rc6 29. Rxb7 Rd6 30. Kc2 Bb5 31. Ra1 Rcd8 32. Rd1 Ba4+ 0-1

[Event "Brno op 4th"]
[Site "Brno"]
[Date "2013.11.18"]
[Round "4"]
[White "Al Dhabbi, Fares"]
[Black "Volna, Lukas"]
[Result "0-1"]
[WhiteElo "1939"]
[BlackElo "1815"]
[PlyCount "125"]
[EventDate "2013.11.16"]
[EventType "swiss"]
[EventRounds "9"]
[EventCountry "CZE"]
[SourceTitle "CBM 157 Extra"]
[Source "ChessBase"]
[SourceDate "2013.12.19"]
[SourceVersion "1"]
[SourceVersionDate "2013.12.19"]
[SourceQuality "1"]

1. e4 d6 2. d4 Nf6 3. Nc3 g6 4. h3 Bg7 5. Be3 a6 6. Qd2 b5 7. a3 Bb7 8. f3 Nbd7 9. Bh6 Bxh6 10. Qxh6 c5 11. d5 Qc7 12. h4 b4 13. Nd1 a5 14. Qd2 Ba6 15. Bxa6 Rxa6 16. Ne3 Nb6 17. Qe2 Qa7 18. Nh3 0-0 19. Nf2 e6 20. Nfg4 Nxg4 21. Nxg4 exd5 22. Nf6+ Kg7 23. e5 Nc4 24. Nxd5 Nxe5 25. f4 Nc6 26. c3 bxc3 27. bxc3 Qb7 28. f5 Raa8 29. f6+ Kh8 30. Qd2 Rfe8+ 31. Kf2 Ne5 32. Kg3 Qd7 33. Qh6 Qg4+ 34. Kf2 Qd4+ 35. cxd4 Ng4+ 36. Kf3 Nxh6 37. Nc7 Nf5 38. Nxa8 Nxd4+ 39. Kf2 Rxa8 40. g4 Kg8 41. Rab1 d5 42. Rb7 c4 43. Rhb1 Nb3 44. Re1 Nc5 45. Rb5 Nd3+ 46. Ke2 Re8+ 47. Kd2 Nxe1 48. Rxd5 Nf3+ 49. Kc3 Nxh4 50. Rxa5 Ng2 51. g5 Ne3 52. Rc5 h6 53. gxh6 Kh7 54. Rc6 Kxh6 55. a4 g5 56. a5 Kg6 57. a6 Ng4 58. Rxc4 Nxf6 59. a7 Ra8 60. Ra4 Nd5+ 61. Kd4 Ne7 62. Ra3 f6 63. Ra6 0-1

[Event "Brno op 4th"]
[Site "Brno"]
[Date "2013.11.16"]
[Round "1"]
[White "Glacner, Karel"]
[Black "Al Dhabbi, Fares"]
[Result "0-1"]
[WhiteElo "1554"]
[BlackElo "1939"]
[PlyCount "80"]
[EventDate "2013.11.16"]
[EventType "swiss"]
[EventRounds "9"]
[EventCountry "CZE"]
[SourceTitle "CBM 157 Extra"]
[Source "ChessBase"]
[SourceDate "2013.12.19"]
[SourceVersion "1"]
[SourceVersionDate "2013.12.19"]
[SourceQuality "1"]

1. Nf3 Nf6 2. g3 e6 3. Bg2 d5 4. d4 c5 5. c4 cxd4 6. 0-0 Be7 7. cxd5 Nxd5 8. Nxd4 0-0 9. e4 Nb4 10. a3 e5 11. Nf5 N4c6 12. Nc3 Bc5 13. Qxd8 Rxd8 14. Be3 Bxe3 15. fxe3 Be6 16. Rfd1 Nd7 17. b4 Nb6 18. b5 Na5 19. Ne7+ Kf8 20. Ned5 Nbc4 21. Ra2 Rac8 22. h3 Ke8 23. Kh2 Nxe3 24. Rad2 Nxd1 25. Rxd1 Nc4 26. a4 Ne3 27. Rd3 Nxg2 28. Kxg2 Rc4 29. Re3 Rdc8 30. g4 Bxd5 31. Nxd5 Rxa4 32. Kf3 Rc1 33. Kf2 Ra2+ 34. Kg3 Rg1+ 35. Kh4 f6 36. Rc3 Rh2 37. Rc8+ Kf7 38. Rc7+ Ke6 39. Rxb7 g5+ 40. Kh5 Rxh3# 0-1

[Event "Brno Duras op-A"]
[Site "Brno"]
[Date "2013.06.24"]
[Round "3"]
[White "Cermak, Jan"]
[Black "Al Dhabbi, Fares"]
[Result "0-1"]
[WhiteElo "1604"]
[BlackElo "1941"]
[PlyCount "102"]
[EventDate "2013.06.22"]
[EventType "swiss"]
[EventRounds "9"]
[EventCountry "CZE"]
[SourceTitle "CBM 155 Extra"]
[Source "ChessBase"]
[SourceDate "2013.08.26"]
[SourceVersion "1"]
[SourceVersionDate "2013.08.26"]
[SourceQuality "1"]

1. e4 c5 2. Nf3 d6 3. d4 cxd4 4. Nxd4 Nf6 5. Nc3 a6 6. Be2 Nc6 7. Be3 Qc7 8. 0-0 g6 9. h3 Bg7 10. Qd2 0-0 11. f4 e5 12. Nb3 b5 13. fxe5 dxe5 14. Bg5 Nd7 15. Nd5 Qa7+ 16. Be3 Nd4 17. Bxd4 exd4 18. Ne7+ Kh8 19. Nc6 Qb6 20. Ncxd4 a5 21. Rad1 a4 22. Nc1 Nc5 23. Bf3 Bb7 24. c3 Bxe4 25. Bxe4 Nxe4 26. Qf4 f5 27. Nce2 Rae8 28. Qf3 Nd6 29. Kh1 Nc4 30. b3 Ne3 31. bxa4 Nxd1 32. Rxd1 bxa4 33. Qd3 Qb2 34. Rd2 Qa3 35. Nf4 Re1+ 36. Kh2 Be5 37. g3 Qc1 38. Nf3 Rh1+ 39. Kg2 Bf6 40. Rc2 Qa1 41. c4 Rd8 42. Qe2 g5 43. Nd5 Bd4 44. Nxd4 Qg1+ 45. Kf3 Qxd4 46. Qe3 Qa1 47. Rf2 Rxh3 48. Nc3 Qh1+ 49. Ke2 Qc6 50. Qe5+ Kg8 51. Qxf5 Qxc4+ 0-1

[Event "Brno Trade op-A 37th"]
[Site "Brno"]
[Date "2012.09.02"]
[Round "9"]
[White "Zeman, Arnost"]
[Black "Al Dhabbi, Fares"]
[Result "1-0"]
[WhiteElo "1984"]
[BlackElo "1956"]
[PlyCount "59"]
[EventDate "2012.08.26"]
[EventType "swiss"]
[EventRounds "9"]
[EventCountry "CZE"]
[SourceTitle "CBM 150 Extra"]
[Source "ChessBase"]
[SourceDate "2012.10.19"]
[SourceVersion "1"]
[SourceVersionDate "2012.10.19"]
[SourceQuality "1"]

1. d4 Nf6 2. Nf3 e6 3. Nbd2 d5 4. e3 c5 5. c3 c4 6. Qc2 Nc6 7. e4 Be7 8. e5 Nd7 9. b3 b5 10. a4 bxa4 11. bxc4 dxc4 12. Nxc4 Qc7 13. Nd6+ Bxd6 14. exd6 Qxd6 15. Ba3 Qc7 16. Bb5 Bb7 17. 0-0 Rc8 18. d5 Nd8 19. dxe6 Nxe6 20. Qxa4 a6 21. Qb4 Qd8 22. Bxd7+ Qxd7 23. Ne5 Qc7 24. Rad1 Nc5 25. Nd7 Qxd7 26. Rxd7 Kxd7 27. Qd4+ Ke6 28. Bxc5 Rhd8 29. Re1+ Kf5 30. Re5+ 1-0

[Event "Brno Trade op-A 37th"]
[Site "Brno"]
[Date "2012.08.28"]
[Round "4"]
[White "Al Dhabbi, Fares"]
[Black "Havel, Vojtech"]
[Result "1-0"]
[WhiteElo "1956"]
[BlackElo "1797"]
[PlyCount "79"]
[EventDate "2012.08.26"]
[EventType "swiss"]
[EventRounds "9"]
[EventCountry "CZE"]
[SourceTitle "CBM 150 Extra"]
[Source "ChessBase"]
[SourceDate "2012.10.19"]
[SourceVersion "1"]
[SourceVersionDate "2012.10.19"]
[SourceQuality "1"]

1. e4 c6 2. d4 d5 3. e5 c5 4. c3 Nc6 5. Nf3 Bg4 6. Be2 e6 7. Nbd2 Nh6 8. Nb3 Bxf3 9. Bxf3 cxd4 10. cxd4 Nf5 11. 0-0 Rc8 12. Bg4 g6 13. Bxf5 gxf5 14. Qh5 h6 15. h3 a5 16. Be3 a4 17. Nd2 f4 18. Bxf4 Nxd4 19. Rac1 Rg8 20. Kh1 Rg6 21. Nb1 Rxc1 22. Rxc1 Qb6 23. Rc8+ Ke7 24. Qh4+ f6 25. exf6+ Kf7 26. Rc7+ Kg8 27. f7+ Kh7 28. Qd8 Qb5 29. Nd2 Qb4 30. Rc8 Ne2 31. Bxh6 Qxb2 32. Nf3 Qa1+ 33. Kh2 Qf1 34. Bg5 Nf4 35. Nh4 Ne2 36. Rc1 Nxc1 37. Nxg6 Ne2 38. Nxf8+ Kg7 39. Qf6+ Kxf8 40. Bh6# 1-0

[Event "Brno Trade op-A 37th"]
[Site "Brno"]
[Date "2012.08.26"]
[Round "2"]
[White "Al Dhabbi, Fares"]
[Black "Pribyl, Radek"]
[Result "0-1"]
[WhiteElo "1956"]
[BlackElo "1713"]
[PlyCount "106"]
[EventDate "2012.08.26"]
[EventType "swiss"]
[EventRounds "9"]
[EventCountry "CZE"]
[SourceTitle "CBM 150 Extra"]
[Source "ChessBase"]
[SourceDate "2012.10.19"]
[SourceVersion "1"]
[SourceVersionDate "2012.10.19"]
[SourceQuality "1"]

1. e4 e5 2. Nf3 Nf6 3. Nxe5 d6 4. Nxf7 Kxf7 5. Nc3 g6 6. d4 Nc6 7. Bc4+ Kg7 8. Bg5 Be7 9. Qd2 h6 10. Be3 Nxe4 11. Nxe4 d5 12. Bb3 dxe4 13. d5 Ne5 14. 0-0-0 a5 15. Qd4 Bf6 16. Qxe4 Bf5 17. Qf4 Qd7 18. a4 Rae8 19. h3 Bg5 20. Qd4 Bxe3+ 21. fxe3 Qd6 22. g4 Bd7 23. c3 Rhf8 24. Bc2 Rf2 25. g5 h5 26. e4 Ref8 27. h4 Kh7 28. Rd2 Rxd2 29. Qxd2 Qb6 30. Qd4 Qxd4 31. cxd4 Nf3 32. e5 Nxd4 33. e6 Be8 34. Bd1 Rf5 35. Kd2 Rxd5 36. Kc3 Nxe6 37. Re1 Rd6 38. Bb3 Bf7 39. Bc4 Kg7 40. Rf1 Rd7 41. b4 axb4+ 42. Kxb4 Nd4 43. Bxf7 Rxf7 44. Rc1 Nf3 45. Rc4 Kf8 46. Re4 Rf5 47. Rc4 c6 48. a5 Ne5 49. Re4 Nd7 50. Re6 Kf7 51. Rd6 Rd5 52. a6 Rxd6 53. a7 c5+ 0-1